Normal view MARC view

Entry Personal Name

Number of records used in: 2

001 - CONTROL NUMBER

  • control field: 51982

003 - CONTROL NUMBER IDENTIFIER

  • control field: dpl

005 - DATE AND TIME OF LATEST TRANSACTION

  • control field: 20120904105206.0

008 - FIXED-LENGTH DATA ELEMENTS

  • fixed length control field: 120904|||a|||||| | ||| d

040 ## - CATALOGING SOURCE

  • Original cataloging agency: dpl
  • Transcribing agency: dpl

100 ## - HEADING--PERSONAL NAME

  • Personal name: Lim, Timothy C.

670 ## - SOURCE DATA FOUND

  • Source citation: Work cat.: (dpl)69658: Lim, Timothy C., Doing comparative politics:, 2007

670 ## - SOURCE DATA FOUND

  • Source citation: Work cat.: (dpl)69658: Lim, Timothy C., Doing comparative politics:, 2007

© Delhi Public Library
Hit Counter
free hit counter